Państwa, które wchodziły w skład byłej Wielkiej Kolumbii - Statystyki

Ogólne statystyki
  • Ten quiz został rozwiązany 134 razy
  • Średni wynik to 6 z 7
Statystyki odpowiedzi
Państwa % Poprawnych
Wenezuela
96%
Kolumbia
95%
Peru
94%
Ekwador
93%
Brazylia
91%
Panama
90%
Gujana
85%
Nie znaleziono quizów pasujących do podanych kryteriów
Rozkład punktacji
Procent ludzi z każdym wynikiem
Percentyl według liczby udzielonych odpowiedzi
Twoja historia wyników
Nie rozwiązałeś tego quizu